Vista normal
Vista MARC
Entrada Materia (personas)
Número de registros utilizados en: 1
001 - CONTROL NUMBER
- control field: 48430
003 - CONTROL NUMBER IDENTIFIER
- control field: Co-BoUCM
005 - DATE AND TIME OF LATEST TRANSACTION
- control field: 20131021103213.0
008 - FIXED-LENGTH DATA ELEMENTS
- fixed length control field: 131021|| aca||aabn | a|a d
040 ## - CATALOGING SOURCE
- Original cataloging agency: Co-BoUCM
- Transcribing agency: Co-BoUCM
100 ## - HEADING--PERSONAL NAME
- Personal name: García Oro, José
670 ## - SOURCE DATA FOUND
- Source citation: Work cat.: (Co-BoUCM)182235: García Oro, José, La Universidad de Alcalá de Henares en la etapa fundacional (1458-1578), 1992